Normal view
MARC view
- AN ENTREPRENEUR'S GUIDEBOOK. BUSINESS MANAGEMENT
Entry Topical Term
001 - CONTROL NUMBER
- control field: 61448
003 - CONTROL NUMBER IDENTIFIER
- control field: NUST
005 - DATE AND TIME OF LATEST TRANSACTION
- control field: 20210628202744.0
008 - FIXED-LENGTH DATA ELEMENTS
- fixed length control field: 210628|| aca||aabn | a|a d
040 ## - CATALOGING SOURCE
- Original cataloging agency: NUST
- Transcribing agency: NUST
150 ## - HEADING--TOPICAL TERM
- Topical term or geographic name entry element: AN ENTREPRENEUR'S GUIDEBOOK. BUSINESS MANAGEMENT
670 ## - SOURCE DATA FOUND
- Source citation: Work cat.: (NUST): Megginson, Leon.C,Byrd, Mary Jane,Megginson, William.L 61447, Small business management an entrepreneur's guidebook, 2006
